000 00435nam a2200169Ia 4500
008 230524s9999 xx 000 0 und d
082 _a241.644
_bCAR
100 _aBernard Sklar
245 0 _aDigital Communications: Fundamentals & Applications
250 _a4TH
260 _aAUSTRALIA
_bPearson
_c2011
300 _a255
500 _aQuantity Number: 30
650 _aElectronics
700 _a Pabitra Kumar Ray
942 _cBK
999 _c49289
_d49289